000 02711 a2200337 4500
005 20140604100142.0
008 140531s1994 xxu g q mlmul d
040 _aCO-BoUCM
_bspa
_cOscar Anaya
_dAldemar Mondragón
041 _aeng
041 _aspa
092 _aDVD 1468
245 0 3 _aEl cliente
_cJoel Schumacher, director
_h[DVD]
246 1 3 _aThe Client
260 _c1994
_aMéxico D.F. (México)
_bWarner Bros. Pictures
300 _a2 DVD, 121 minutos
_bimagen, sonido, color
500 _aSINOPSIS: Marcos Sway es un niño de 11 años que vive con su madre y hermano en un remolque. Un día, él y su hermano están fuera cuando un auto se detiene al lado de ellos. El conductor entonces pone una manguera en su escape y coloca el otro extremo en el coche. Marcos lo saca. Pero el hombre lo ve,lo agarra y lo lleva al interior del coche. El hombre habla con Marcos luego se suicida. El choque envía el hermano de Marcos en un estado catatónico. La policía lo cuestiona y les hace pensar que está diciendo más de lo que sabe. Roy Foltrigg, un fiscal con ambiciones políticas le dice a Marcos que quiere hablar con él al día siguiente. Marcos le dice sobre el hombre que se suicidó. Reggie le dice que es un abogado de la mafia. Y uno de sus clientes es un miembro de una familia mafiosa que es sospechoso de matar a un senador que estaba tratando de acabar con su familia. Pero debido a que el cuerpo del senador no se encuentra, ellos no pueden procesarlo
508 _aCRÉDITOS: Dirigida por Joel Schumacher ; guion por Akiva Goldsman y Robert Getchell ; producida por Guy Ferland ; música por Howard Shore ; fotografía por Tony Pierce-Roberts ; diseño de producción por Bruno Rubeo ; dirección de arte por P. Michael Johnston y James F. Truesdale ; ambientación por Anne D. McCulley ; vestuario por Ingrid Ferrin ; maquillaje por Lydia Milars
511 0 _aREPARTO: Susan Sarandon, Tommy Lee Jones, Mary-Louise Parker, Anthony LaPaglia, J.T. Walsh, Anthony Edwards, Brad Renfro, Will Patton, Bradley Whitford, Anthony Heald
546 _aAudio en inglés y español. Subtítulos en inglés, español y portugués
650 7 _98252
_aAbogados en el cine
_vDVD
650 7 _918195
_aJusticia
_vDVD
650 7 _951342
_aPelículas de acción
_vDVD
690 _942805
_aEntretenimiento
700 1 _aSchumacher, Joel
_edirector
_962062
710 2 _aWarner Bros. Pictures
_941920
710 2 _aRegency Enterprises
_956638
710 2 _aAlcor Films
_962063
765 0 _tThe Client
856 4 0 _uhttp://www.youtube.com/watch?v=EZY7_dCQRgk
_zSiga este enlace para ver el trailer
_zTrailer tomado del canal warnervod vía YouTube.com
942 _2LOCAL
_a11
_cMULTIMEDIA
_e1
999 _c255288
_d255288